000 00621nam a2200193 a 4500
001 3393
005 20140414132025.0
008 040715s19uu xx 00 eng d
020 _a0-689-82088-7
050 _aTR
_bM58 1984
100 _aCarle, Eric
245 _aMixed-up chameleon (The) /
_cEric Carle.
260 _a[s.l.] :
_bHarper Collins,
_c1984.
300 _a1 v. p. : ill. ; cm.
520 _aA bored chameleon wishes it could be more like all the other it sees, but soon decides it would rather just be itself.
650 _aChameleons
_xFiction.
650 _aSelf-acceptance
_xFiction.
999 _c113538
_d113538